000 00930nam a22002778i 4500
001 021341141
003 EG-ScBUE
005 20260215113042.0
008 240826s2025 enk f 001 0 eng d
020 _a9781009422291
040 _aStDuBDS
_beng
_erda
_cStDuBDS
_dEG-ScBUE
082 0 4 _a330.019
_222
_bDHA
100 1 _aDhami, Sanjit S.,
_eauthor.
245 1 0 _aPrinciples of behavioral economics :
_bmicroeconomics and human behavior /
_cSanjit Dhami, University of Leicester.
264 1 _aCambridge :
_bCambridge University Press,
_c2025.
300 _axxvii, 670 pages :
_bcolor illustrations ;
_c30 cm
336 _atext
_2rdacontent
_btxt
337 _aunmediated
_2rdamedia
_bn
338 _avolume
_2rdacarrier
_bnc
500 _aIncludes index.
650 7 _aEconomics
_xPsychological aspects.
_2BUEsh
653 _cFebruary2026
_bBUSECO
655 _vReading book
942 _2ddc
_cBB
999 _c31131
_d31102